| 000 | 00657nam a2200229 4500 | ||
|---|---|---|---|
| 001 | 135771 | ||
| 003 | ES-MaACL | ||
| 005 | 20250807081305.0 | ||
| 007 | t| | ||
| 008 | 070214s1970 sp r ||||1| spa d | ||
| 080 | _a305-055.2 | ||
| 100 | 1 |
_aRuiz Alonso, Celia. _9100647 |
|
| 245 | 1 | 0 |
_aEmancipación y matrimonio / _cCelia Ruiz Alonso. |
| 260 |
_aMadrid : _bAlameda, _c1970. |
||
| 300 |
_a61 p. ; _c17 cm. |
||
| 490 | 1 |
_aOtra mujer ; _v7 |
|
| 650 | 4 |
_aMujeres- _xSituación social- _yS.XX. _9167814 |
|
| 650 | 7 |
_aMatrimonio _2embne _914855 |
|
| 830 | 1 |
_aOtra mujer ; _v7 _9182021 |
|
| 852 | 4 |
_aES-MaACL _jC-44933 |
|
| 999 |
_c135771 _d135771 |
||